| 000 | 00619nam a2200241Ia 4500 | ||
|---|---|---|---|
| 005 | 20250425160953.0 | ||
| 008 | 250425s9999 xx 000 0 und d | ||
| 020 | _a8432980544 | ||
| 041 | _aspa | ||
| 082 | _a621.380321 | ||
| 100 | _aDOUGLAS-YOUNG, JOHN | ||
| 245 | 0 | _aDICCIONARIO ENCICLOPEDICO DE ELECTRONICA: MAS DE 3000 ENTRADAS POR ORDEN ALFABETICO | |
| 250 | _a1A ED. | ||
| 260 | _aBARCELONA | ||
| 260 |
_aEspaƱa _bCEAC _c1992 |
||
| 300 | _a716 | ||
| 650 | _aDICCIONARIOS | ||
| 650 | _aELECTRONICA | ||
| 650 | _aTECNOLOGIA ELECTRONICA | ||
| 650 | _aTERMINOLOGIA | ||
| 942 | _c01 | ||
| 010 | _a9532 | ||
| 999 |
_c199872 _d199872 |
||